A world elsewhere : Europe’s encounter with Japan in the sixteenth and seventeenth centuries
This book consists of the following many parts: first encounters with Japan, striking out the english and the age of reconnaissance, the east India company reaches Japan, first years in Japan, hopes illusions and disappointment, living and surviving in hirado, the manila voyages and withdrawal from...
Gardado en:
| Autor Principal: | |
|---|---|
| Formato: | Libro |
| Idioma: | Undetermined |
| Publicado: |
New Haven
Yale University Press
1990
|
| Những chủ đề: | |
| Các nhãn: |
Engadir etiqueta
Sen Etiquetas, Sexa o primeiro en etiquetar este rexistro!
|
| Thư viện lưu trữ: | Trung tâm Học liệu Trường Đại học Cần Thơ |
|---|
| LEADER | 00960nam a2200217Ia 4500 | ||
|---|---|---|---|
| 001 | CTU_107956 | ||
| 008 | 210402s9999 xx 000 0 und d | ||
| 082 | |a 337.4052 | ||
| 082 | |b M414 | ||
| 100 | |a Massarella, Derek | ||
| 245 | 2 | |a A world elsewhere : | |
| 245 | 0 | |b Europe’s encounter with Japan in the sixteenth and seventeenth centuries | |
| 245 | 0 | |c Derek Massarella | |
| 260 | |a New Haven | ||
| 260 | |b Yale University Press | ||
| 260 | |c 1990 | ||
| 520 | |a This book consists of the following many parts: first encounters with Japan, striking out the english and the age of reconnaissance, the east India company reaches Japan, first years in Japan, hopes illusions and disappointment, living and surviving in hirado, the manila voyages and withdrawal from Japan, further attempts at direct trade after 1623. | ||
| 650 | |a East india company | ||
| 650 | |x History | ||
| 904 | |i M.Loan | ||
| 980 | |a Trung tâm Học liệu Trường Đại học Cần Thơ | ||